| 000 | 01647nam a22002057a 4500 | ||
|---|---|---|---|
| 005 | 20161005154511.0 | ||
| 008 | 161005b xxu||||| |||| 00| 0 eng d | ||
| 040 | _aANE | ||
| 041 | _aEs | ||
| 082 | _aTV-4313 | ||
| 100 |
_aCarrasco, Paúl _elíder del movimiento Juntos Podemos |
||
| 245 | _aPaul Carrasco: La Unidad sigue pero no se ha llegado a consensos | ||
| 260 |
_aCuenca _bTelerama _c2016-10-05 |
||
| 300 | _ap. | ||
| 520 | _aEl líder del movimiento Juntos Podemos, mencionó que la Unidad sigue pero que no son parte de la inclusión, ya que el proceso de la democracia del país debe saber que hay diálogo y así llegar a un consenso, “Cynthia Viteri no ha crecido en estos tres meses y esto es algo que sabe Jaime Nebot, se pidió un análisis que nunca se hizo” afirmó. Dijo también que es necesario construir un proyecto de unidad que vaya más allá, “si no tienen los votos suficientes para ganar al Correismo no se podrá hacer ningun cambio y las propuestas que dan otros políticos y candidatos son muy interesantes” concluyó. 09:00 Ecuador Inmediato Paúl Carrasco admite que quiso ser binomio de Viteri, pero desmiente que haya sido un día antes de su anuncio | ||
| 650 | _adesacuerdo alejamiento/prefecto Azuay/Telerama/política Ecuador/elcciones presidenciales 2017/La Unidad/parte inclusión/proceso democracia/diálogo consenso/candidata presidencial/alcalde Guayaquil/nunca análisis/construir proyecto unidad/busca otras propuestas/otros políticos candidatos/ | ||
| 700 |
_aViteri, Cynthia _ecandidata presidencial |
||
| 700 |
_aNebot, Jaime _ealcalde de Guayaquil |
||
| 942 |
_2ddc _cVM _zIES. |
||
| 999 |
_c35343 _d35343 |
||